Normal view
MARC view
- الشعر العربي - رثاء
Entry Topical Term
001 - CONTROL NUMBER
- control field: 23966
003 - CONTROL NUMBER IDENTIFIER
- control field: JO-AjAnu
005 - DATE AND TIME OF LATEST TRANSACTION
- control field: 20230606074120.0
008 - FIXED-LENGTH DATA ELEMENTS
- fixed length control field: 230606|| aca||aabn | a|a d
040 ## - CATALOGING SOURCE
- Original cataloging agency: JO-AjAnu
- Transcribing agency: JO-AjAnu
150 ## - HEADING--TOPICAL TERM
- Topical term or geographic name entry element: الشعر العربي - رثاء
670 ## - SOURCE DATA FOUND
- Source citation: Work cat.: (JO-AjAnu)12320: ناصيف،إميل, author 23965, أروع ما قيل في الرثاء